Schriftkultur und Orthodoxie: Anthropologische Beobachtungen zu einem theologischen Thema anhand des Alten Testaments

Saved in:  
Bibliographic Details
Main Author: Schaper, Joachim 1965- (Author)
Format: Print Article
Language:German
Check availability: HBZ Gateway
Interlibrary Loan:Interlibrary Loan for the Fachinformationsdienste (Specialized Information Services in Germany)
Published: 2015
In: Anthropologie(n) des Alten Testaments
Year: 2015, Pages: 159-170

MARC

LEADER 00000naa a22000002c 4500
001 1843311666
003 DE-627
005 20230421234345.0
007 tu
008 230421s2015 xx ||||| 00| ||ger c
020 |a 9783374040926 
035 |a (DE-627)1843311666 
035 |a (DE-599)KXP1843311666 
040 |a DE-627  |b ger  |c DE-627  |e rda 
041 |a ger 
084 |a 1  |2 ssgn 
100 1 |e VerfasserIn  |0 (DE-588)128745169  |0 (DE-627)378690701  |0 (DE-576)171681274  |4 aut  |a Schaper, Joachim  |d 1965- 
109 |a Schaper, Joachim 1965-  |a Schaper, Joachim L. 1965-  |a Schaper, Joachim Ludwig Wilhelm 1965- 
245 1 0 |a Schriftkultur und Orthodoxie  |b Anthropologische Beobachtungen zu einem theologischen Thema anhand des Alten Testaments 
264 1 |c 2015 
336 |a Text  |b txt  |2 rdacontent 
337 |a ohne Hilfsmittel zu benutzen  |b n  |2 rdamedia 
338 |a Band  |b nc  |2 rdacarrier 
601 |a Anthropologie 
601 |a Beobachtung 
601 |a Theologe 
601 |a Testament 
773 0 8 |i Enthalten in  |t Anthropologie(n) des Alten Testaments  |d Leipzig : Evangelische Verlagsanstalt, 2015  |g (2015), Seite 159-170  |h 301 S.  |w (DE-627)812981871  |w (DE-576)435292242  |z 9783374040926  |7 nnam 
773 1 8 |g year:2015  |g pages:159-170 
935 |a mteo 
951 |a AR 
ELC |b 1 
ITA |a 1  |t 1 
LOK |0 000 xxxxxcx a22 zn 4500 
LOK |0 001 4312338396 
LOK |0 003 DE-627 
LOK |0 004 1843311666 
LOK |0 005 20230421034934 
LOK |0 008 230421||||||||||||||||ger||||||| 
LOK |0 035   |a (DE-Tue135)812981871_2015_159 
LOK |0 040   |a DE-Tue135  |c DE-627  |d DE-Tue135 
LOK |0 092   |o n 
LOK |0 852   |a DE-Tue135 
LOK |0 852 1  |9 00 
LOK |0 935   |a imwa  |a ixau  |a ixrk 
LOK |0 939   |a 21-04-23  |b l01 
ORI |a SA-MARC-ixtheoa001.raw